[Event "III Copa Marcel Duchamp 2019"]
[Site "Montevideo"]
[Date "2019.02.12"]
[Round "5.31"]
[White "Chamlian, Aram"]
[Black "Moccero, Eduardo"]
[Result "1/2-1/2"]
[WhiteElo "1739"]
[BlackElo "1950"]
[Annotator "NA RC"]
[PlyCount "61"]
[EventDate "2019.02.09"]
[EventType "swiss"]
[EventCountry "URU"]
[SourceTitle "playchess.com"]
[Source "ChessBase"]
[SourceQuality "1"]
[TimeControl "5400+30"]

1. e4 Nc6 2. Nf3 d6 3. Bc4 Nf6 4. Nc3 g6 5. O-O Bg7 6. d4 O-O 7. h3 Nxe4 8. Nxe4 d5 9. Bxd5 Qxd5 10. Nc3 Qd8 11. Be3 Bf5 12. Ne2 Re8 13. Ng3 Be6 14. Qd2 Qd7 15. c3 Rad8 16. Rfe1 Bd5 17. Qe2 e5 18. dxe5 Nxe5 19. Nxe5 Bxe5 20. c4 Bc6 21. Rad1 Qe6 22. Bg5 Rxd1 23. Rxd1 Bxg3 24. Qxe6 Bxf2+ 25. Kxf2 Rxe6 26. Rd8+ Kg7 27. Rc8 h6 28. Bf4 Re4 29. Bxc7 Kf6 30. b3 Rd4 31. Rd8 1/2-1/2

[Event "III Copa Marcel Duchamp 2019"]
[Site "Montevideo"]
[Date "2019.02.12"]
[Round "5.32"]
[White "Suarez, Pedro"]
[Black "Reolon, Victor"]
[Result "1-0"]
[WhiteElo "1950"]
[BlackElo "1714"]
[Annotator "NA RC"]
[PlyCount "61"]
[EventDate "2019.02.09"]
[EventType "swiss"]
[EventCountry "URU"]
[SourceTitle "playchess.com"]
[Source "ChessBase"]
[SourceQuality "1"]
[TimeControl "5400+30"]

1. d4 f5 2. Nc3 d5 3. Bf4 Nf6 4. e3 c6 5. Bd3 e6 6. Nf3 Be7 7. h4 Nbd7 8. a4 Nf8 9. h5 Ng4 10. Ne5 Nxe5 11. Bxe5 Bf6 12. f4 Qe7 13. Qf3 Nd7 14. g4 Bxe5 15. fxe5 O-O 16. gxf5 exf5 17. O-O-O Nb6 18. Rdg1 Nc4 19. Qg3 Rf7 20. Ne2 Qb4 21. Bxc4 dxc4 22. h6 f4 23. Nxf4 Bf5 24. e6 Re7 25. Nh5 g6 26. Qe5 c3 27. Qxf5 cxb2+ 28. Kb1 Qe1+ 29. Rxe1 gxf5 30. Rhg1+ Kh8 31. Nf4 1-0

[Event "III Copa Marcel Duchamp 2019"]
[Site "Montevideo"]
[Date "2019.02.13"]
[Round "6.1"]
[White "Rodriguez Vila, Andres"]
[Black "Hernandez Guerrero, Gilberto"]
[Result "1-0"]
[WhiteElo "2486"]
[BlackElo "2533"]
[Annotator "TA"]
[PlyCount "99"]
[EventDate "2019.02.09"]
[EventType "swiss"]
[EventCountry "URU"]
[SourceTitle "playchess.com"]
[Source "ChessBase"]
[SourceQuality "1"]

{[%evp 12,99,23,20,97,95,113,43,52,13,39,30,39,32,27,-7,0,0,0,0,0,0,0,-10,0,-12,13,0,0,0,0,9,10,0,26,10,17,21,20,0,18,0,0,0,15,-10,29,14,26,15,38,32,91,0,57,42,51,38,42,42,32,32,36,31,46,31,22,26,37,-10,89,0,0,0,0,0,69,70,69,69,69,55,72,26,75,71,57,26,411,406]} 1. e4 c5 2. Nc3 Nc6 3. Nf3 e6 4. g3 d6 5. Bg2 Nf6 6. d4 cxd4 7. Nxd4 Qc7 {[#] B80: Sicilian Scheveningen: 6 g3 and 6 Be3, including English Attack} (7... Be7 $11) (7... Be7 8. Nxc6 bxc6 9. e5 dxe5 10. Qxd8+ Kxd8 11. Bxc6 Rb8 12. O-O Bb7 13. Bg2 Bxg2 14. Kxg2 Nd7 15. Rd1 f5 {0-1 (57) Oleksienko,M (2604)-Demchenko,A (2664) Konya 2018}) 8. Ndb5 $1 $16 {[%cal Rb5c7]} Qb8 {[#]} 9. a4 (9. Bf4 $1 $16 e5 10. Bg5) 9... a6 $146 {White is slightly better.} ({Predecessor:} 9... Be7) 10. Nd4 (10. Na3 {feels hotter.} d5 11. exd5 Qe5+ 12. Qe2 Qxe2+ 13. Nxe2 exd5 14. Bg5) 10... Bd7 11. O-O Be7 12. a5 Qc7 13. Nb3 Ne5 14. f4 Nc4 15. Qe2 e5 16. f5 h6 17. Kh1 Rc8 18. Rd1 Bd8 19. Bf3 Be7 20. Qf1 b5 21. axb6 $1 Qxb6 22. g4 (22. Be2 {seems wilder.} Bb5 23. Qg2 O-O 24. Bf3 Rfd8 25. g4) 22... Bb5 (22... a5 {looks sharper.} 23. Rd3 Qb4 24. Ra2 a4 25. Nd2 O-O) 23. Qg1 Qxg1+ 24. Rxg1 Bd8 25. Rg3 Bb6 26. Rh3 Kd7 27. Be2 Rb8 28. Ra2 Rhc8 29. g5 hxg5 30. Bxg5 Bd8 31. Rg3 Rb7 ({Black should play} 31... Ke8 $14) 32. Bc1 (32. Nc1 $16) 32... Ne8 (32... d5 $11) 33. Bd3 Bh4 34. Rg2 Be1 35. Nxb5 axb5 36. Bg5 f6 37. Bc1 Rcc7 38. Re2 Bh4 39. Kg2 Bg5 40. Re1 Bh4 (40... Ra7 $11 41. Rxa7 Rxa7) 41. Rf1 (41. Rg1 $16) 41... Ra7 $11 42. Rxa7 Rxa7 43. Kf3 Ra2 (43... Bg5 $11) 44. Kg4 $14 Bg5 $1 45. Bxg5 fxg5 46. Kxg5 Ke7 47. Kg6 Nxb2 48. Bxb5 Nf6 49. Rb1 {Strongly threatening Nc1.} ({But not} 49. Kxg7 $6 Ra8 $11) 49... Nxe4 $2 {[%mdl 8192]} (49... Na4 $1 $11 {and Black stays safe.} 50. Bd3 Nc3 {[%mdl 64] Double Attack}) 50. Nc1 {Accuracy: White = 41%, Black = 45%.} 1-0

[Event "III Copa Marcel Duchamp 2019"]
[Site "Montevideo"]
[Date "2019.02.13"]
[Round "6.2"]
[White "Felgaer, Ruben"]
[Black "Fiora, Emilio"]
[Result "1-0"]
[WhiteElo "2562"]
[BlackElo "2190"]
[Annotator "TA"]
[PlyCount "131"]
[EventDate "2019.02.09"]
[EventType "swiss"]
[EventCountry "URU"]
[SourceTitle "playchess.com"]
[Source "ChessBase"]
[SourceQuality "1"]

{[%evp 13,131,33,38,28,37,32,43,38,54,42,57,48,369,371,354,356,615,611,845,853,939,976,962,625,952,624,623,628,625,-77,-90,-120,-28,-133,-126,-183,-187,-175,-162,-216,-206,-229,-225,-259,-207,-208,-144,-191,-137,-126,-126,-126,-126,-127,-132,-126,-126,-172,-121,-114,-117,-145,-139,-135,-97,-93,-30,-31,-32,-35,226,255,255,249,239,227,249,213,262,254,234,222,306,294,313,302,374,366,379,370,436,442,501,495,483,484,650,651,647,534,517,514,592,570,673,648,718,708,777,777,789,783,732,746,4120,4122,4114,4114,4106,4106]} 1. c4 f5 2. Nc3 Nf6 3. g3 e6 4. Bg2 Be7 5. Nf3 O-O 6. O-O d6 7. d3 Qe8 {LiveBook: 17 Games} 8. e3 {A10: English Opening: Unusual Replies for Black} (8. e4 fxe4 9. dxe4 e5 10. c5 Kh8 11. Bg5 Na6 12. Bxf6 Rxf6 13. Nd5 Rh6 14. cxd6 Bxd6 15. Ne3 Rf6 16. Nf5 {½-½ (41) Edouard,R (2657)-Narciso Dublan,M (2521) Barcelona 2013}) 8... Nc6 9. Rb1 Qh5 $146 ({Predecessor:} 9... a5 10. a3 Qh5 11. Nd4 Ng4 12. h3 Bd7 13. hxg4 fxg4 14. Nxc6 Bxc6 15. e4 Rf6 {1-0 (26) Alm,H (2268)-Oskarsson,B Sweden 2011}) 10. b4 {[%cal Bb2b4,Bb4b5,Bb5c6][%mdl 32] White is slightly better.} e5 11. Nd2 Qh6 12. Nd5 {aiming for b5.} f4 $2 {[%mdl 8192]} (12... Ng4 $2 13. h3 $18) (12... Bd8 $14) 13. b5 $18 fxg3 14. fxg3 Ng4 $2 (14... Nxd5 15. Bxd5+ Be6 16. Rxf8+ (16. bxc6 Bxd5 17. cxd5 Qxe3+ 18. Kh1 bxc6 $18) 16... Bxf8) 15. h3 Nxe3 16. bxc6 Bxh3 17. Nxe7+ Kh8 18. Rxf8+ Rxf8 19. Nf5 Bxf5 20. Qf3 Nxg2 21. Nf1 $2 ({Only move:} 21. cxb7 $18 Ne1 22. Qf2) 21... Qf6 $1 $17 {Strongly threatening ...Ne1.} (21... Ne1 $2 22. Qxf5 Rxf5 23. Bxh6 $18) 22. Bd2 bxc6 ({Better is} 22... b6 $1 $17 23. Qxg2 Bxd3) 23. Qxg2 (23. Rb3 $11 {keeps the balance.}) 23... Bxd3 24. Re1 (24. Rc1 $17) 24... Bxc4 $19 25. Ne3 Bb5 ({Stronger than} 25... Bxa2 26. Rf1 $11) 26. Ng4 (26. Ba5 {keeps fighting.}) 26... Qg6 27. Nf2 Qc2 28. Ba5 Rf7 29. Ne4 Qd3 30. Ng5 Qd4+ (30... Rf5 $19 31. Nh3 h6) 31. Kh1 $17 Rf6 32. Qh3 {[%csl Gg5][%cal Rh3h7]} Qd5+ 33. Kg1 {[%csl Gg5][%cal Rh3h7]} h6 34. Qc8+ Qg8 35. Qxg8+ Kxg8 36. Ne4 {[#]} Rf7 $1 37. Nc3 Bd3 38. Re3 Bc4 39. Re4 Bd5 ({Black should play} 39... Bf1 $17 {White must now prevent ...Bd3.} 40. Rb4 Bd3) 40. Rb4 $1 $11 Rf3 41. Nxd5 Rxg3+ $2 {[%mdl 8192] [#]} (41... cxd5 $15 42. Bxc7 Rxg3+ 43. Kf2 Rg6) 42. Kf2 $1 $18 {[%cal Rf2g3]} Ra3 43. Ne7+ Kf7 44. Nxc6 Rxa2+ 45. Kf3 Ke6 46. Rb7 Ra3+ 47. Kf2 Kd5 48. Rxc7 g5 49. Bb4 Ra6 50. Ne7+ Ke6 51. Nc8 Ra2+ 52. Kf3 {White is clearly winning.} g4+ 53. Kg3 d5 54. Re7+ Kf6 55. Bd6 Re2 56. Kxg4 d4 57. Kf3 d3 58. Bb4 Rc2 59. Nxa7 Rb2 60. Bc5 Re2 61. Nb5 Rc2 62. Bd6 Rc6 63. Rc7 ({Not} 63. Rxe5 Rxd6 64. Re1 (64. Nxd6 Kxe5 65. Ne4 h5 $11) 64... d2 $11) 63... Rb6 64. Rc5 e4+ 65. Ke3 Ra6 66. Bf4 {Precision: White = 69%, Black = 32%.} 1-0

[Event "III Copa Marcel Duchamp 2019"]
[Site "Montevideo"]
[Date "2019.02.13"]
[Round "6.3"]
[White "Ricardi, Pablo"]
[Black "Tristan, Leonardo"]
[Result "0-1"]
[WhiteElo "2479"]
[BlackElo "2493"]
[Annotator "TA"]
[PlyCount "168"]
[EventDate "2019.02.09"]
[EventType "swiss"]
[EventCountry "URU"]
[SourceTitle "playchess.com"]
[Source "ChessBase"]
[SourceQuality "1"]

{[%evp 22,168,27,27,24,28,27,14,32,20,28,-37,-36,-63,-66,-66,-47,-108,-52,-183,-97,-76,-65,-154,-135,-231,-226,-266,-266,-296,-327,-322,-121,-136,0,-325,-328,-305,-24,-27,0,-312,-300,-346,-348,-293,-285,-423,-448,-445,-416,-609,-609,-963,-971,-910,-898,-943,-878,-1317,-692,-659,-663,-996,-1006,-903,-541,-656,-268,-266,-201,-199,-196,-412,-408,-447,-447,-599,-567,-828,-826,-823,-822,-821,-819,-814,-811,-811,-811,-811,-811,-804,-804,-797,-791,-772,-757,-887,-877,-1545,-1328,-29958,-29961,-29961,-29962,-29960,-29962,-29959,-29962,-29958,-29958,-29942,-29949,-12621,-11468,-11049,-9442,-6406,-4450,-5157,-5106,-29976,-29977,-29977,-29974,-29974,-29975,-29975,-29976,-29976,-29977,-29977,-29977,-29978,-29979,-29979,-29980,-29981,-29982,-29986,-29987,-29987,-29988,-29988,-29989,-29989,-29990,-29990,-29990]} 1. e4 e5 2. Nf3 Nc6 3. Bb5 a6 4. Ba4 Nf6 5. O-O Be7 6. Re1 b5 7. Bb3 d6 8. c3 O-O 9. h3 Na5 10. Bc2 c5 11. d4 Nd7 12. a4 b4 {C96: Closed Ruy Lopez: Chigorin Defence: 11 d4, replies other than 11...Qc7} 13. d5 (13. Nbd2 Rb8 14. Nf1 b3 15. Bd3 exd4 16. cxd4 c4 17. Be2 c3 18. Ng3 Nf6 19. Bd3 Nc6 20. d5 {0-1 (37) Quesada Perez,Y (2627)-Caruana,F (2811) chess.com INT 2018}) 13... Rb8 14. Nbd2 c4 {The position is equal.} 15. cxb4 Rxb4 {[#]} 16. Nf1 $146 (16. b3 $1 $11) ({Predecessor:} 16. Ra3 Nc5 17. Nf1 Nab3 18. Be3 a5 19. N1d2 Ba6 20. Bxb3 cxb3 21. Bxc5 dxc5 22. Nxe5 {1-0 (59) Lopez Martinez,J (2557)-Candela Perez,J (2411) Villava 2009}) 16... Nc5 $15 17. Ra2 Nab3 18. Be3 a5 19. N3d2 ({White should try} 19. N1d2 $15) 19... Ba6 (19... Nd4 $17 20. Nf3 Nxc2 21. Qxc2 Nd3) 20. Nb1 (20. Bxb3 $15 Nxb3 21. Ng3) 20... Nxa4 (20... Bg5 $19 21. Nbd2 Bxe3 22. Nxe3 Qb6) 21. Nc3 Nac5 22. Ng3 (22. Bxb3 $15 Nxb3 23. Nd2) 22... g6 23. Kh2 (23. Bxb3 $17 {was necessary.} Nxb3 24. Bh6) 23... Nd3 $19 24. Rf1 Bg5 25. Qg4 Bxe3 26. fxe3 Nd2 $2 (26... Bc8 $19 {and Black stays clearly on top.} 27. Qd1 Ba6 28. Bxd3 cxd3) 27. Rfa1 $17 Nb3 $2 (27... Bc8 $17 28. Qe2 Nb3 29. Bxb3 Rxb3) 28. Rf1 $1 $19 Bc8 29. Qd1 Nbc1 $2 ({Black should play} 29... Qb6 $19 {White must now prevent ...Nbc5.} 30. Bxd3 cxd3) 30. Ra1 $11 Nb3 $2 $36 {[%mdl 10240] Black fights for an advantage.} (30... Rxb2 $11 31. Rxc1 Nxc1 32. Qxc1 Rb4) 31. Ra2 $19 Qb6 32. Rf3 Nbc5 33. Bxd3 Nxd3 34. Nf5 (34. Qf1 {might work better.}) 34... gxf5 35. exf5 {[#] Rg3+ would kill now.} f6 36. Ne4 (36. e4 $142) 36... Kh8 37. Ng3 Rxb2 38. Rxb2 Qxb2 39. Ne4 Rg8 {[%csl Gg8][%cal Rb2g2]} 40. Qf1 Qc1 41. Qxc1 Nxc1 42. Nxd6 Ba6 43. Ne4 Rf8 44. Rf1 Nd3 (44... Ne2 $142 45. Nc5 Bb5) 45. Ra1 Bb7 46. Rxa5 Rc8 47. Nc3 $2 (47. Rb5 {only move.} Rc7 48. Nc3) 47... Rc5 48. Rxc5 Nxc5 49. e4 Bc8 50. g4 Bd7 51. Kg3 Na4 52. Na2 c3 53. Kf2 c2 54. Ke3 Nc5 55. Kd2 Nxe4+ 56. Kxc2 Nf2 57. Nc3 Nxh3 58. Ne4 Kg7 59. Nc5 Bc8 60. d6 Nf2 61. d7 {[#]} Bxd7 $1 62. Nxd7 Nxg4 {[%mdl 4096] Endgame KN-KN} 63. Kd3 h5 64. Nc5 h4 65. Ke2 h3 66. Kf3 h2 67. Kg2 Ne3+ 68. Kxh2 Nxf5 69. Kh3 Kg6 70. Kg4 Nd4 71. Nd3 f5+ {Black mates.} 72. Kg3 Kf6 73. Nc5 Kg5 74. Kf2 Kf4 75. Nd3+ Ke4 76. Nc5+ Kd5 77. Nd7 Ne6 78. Ke3 f4+ 79. Kf3 e4+ 80. Kg4 e3 81. Nf6+ Ke5 82. Nd7+ Kd6 83. Nf6 e2 84. Ne4+ Kc7 {Accuracy: White = 30%, Black = 64%.} 0-1

[Event "III Copa Marcel Duchamp 2019"]
[Site "Montevideo"]
[Date "2019.02.13"]
[Round "6.4"]
[White "Lopez Azambuja, Nicolas"]
[Black "Mareco, Sandro"]
[Result "0-1"]
[WhiteElo "2320"]
[BlackElo "2664"]
[Annotator "TA"]
[PlyCount "68"]
[EventDate "2019.02.09"]
[EventType "swiss"]
[EventCountry "URU"]
[SourceTitle "playchess.com"]
[Source "ChessBase"]
[SourceQuality "1"]

{[%evp 14,68,31,0,7,0,11,-18,-12,-50,-43,-81,-81,-118,-125,-128,-61,-87,-65,-75,-84,-146,-151,-152,-142,-142,-152,-131,-135,-157,-140,-254,-251,-245,-314,-297,-231,-566,-552,-560,-558,-520,-524,-784,-463,-1381,-1348,-5393,-5493,-3438,-3040,-2625,-2699,-2416,-2316,-1689,-1662]} 1. d4 Nf6 2. Nf3 e6 3. e3 b6 4. Bd3 Bb7 5. O-O g6 6. c4 Bg7 7. Nc3 c5 8. d5 exd5 {E14: Queen's Indian: Classical Variation (4 e3)} 9. cxd5 Nxd5 10. Nxd5 Bxd5 {The position is equal.} 11. e4 $146 (11. Bxg6 $5 hxg6 12. Qxd5 $11) ({Predecessor:} 11. Bxg6 hxg6 12. Qxd5 Nc6 13. e4 Rh5 14. Bg5 Nb4 15. Qd2 f6 16. Bf4 {0-1 (28) Martinez Duany,L (2484)-Cordova,E (2616) Merida 2014}) 11... Be6 12. e5 Nc6 13. Bf4 O-O 14. Re1 Rc8 (14... f6 $17 {...fxe5 is the strong threat.} 15. Be4 fxe5 16. Bxc6 dxc6 17. Qxd8 Raxd8 18. Bxe5 Rfe8) 15. Qd2 f6 16. Ba6 {[#]} fxe5 $1 {[%mdl 512]} 17. Bg5 (17. Nxe5 $142 Nxe5 18. Bxe5) 17... Qc7 18. Bxc8 Qxc8 ({Don't play} 18... Rxc8 19. Bh6 $17) 19. Bh6 {[#]} Rxf3 $1 {[%mdl 512]} 20. Bxg7 (20. gxf3 Nd4) 20... Kxg7 21. gxf3 Nd4 22. Qe3 (22. Qd3 $17 {was called for.}) 22... d6 $19 23. Rad1 Bd5 ({Less strong is} 23... Bxa2 24. Rxd4 cxd4 25. Qa3 $15) 24. Rxd4 cxd4 {[%mdl 4096] Endgame KQR-KQB} 25. Qg5 $2 (25. Qa3 {was the crucial defense.} Qd7 26. h3) 25... Bxf3 {Black is clearly winning.} 26. Rc1 Qd7 27. Kf1 h6 28. Qg3 Qf7 29. Qh3 (29. Ke1 $142 Qf5 30. Kd2) 29... d3 30. Ke1 {[#]} d2+ $1 {[%mdl 64] Decoy} 31. Kxd2 Qf4+ 32. Kc2 Qc4+ {[%mdl 64] Double Attack} 33. Kd2 {[#]} Qb4+ $1 34. Kc2 Qc5+ {Accuracy: White = 33%, Black = 81%.} 0-1

[Event "III Copa Marcel Duchamp 2019"]
[Site "Montevideo"]
[Date "2019.02.13"]
[Round "6.5"]
[White "Mussanti, Diego"]
[Black "Hoffman, Alejandro"]
[Result "1/2-1/2"]
[WhiteElo "2305"]
[BlackElo "2461"]
[Annotator "TA"]
[PlyCount "100"]
[EventDate "2019.02.09"]
[EventType "swiss"]
[EventCountry "URU"]
[SourceTitle "playchess.com"]
[Source "ChessBase"]
[SourceQuality "1"]

{[%evp 10,100,27,18,22,28,16,24,19,16,25,0,0,0,0,0,0,-7,0,0,0,0,0,0,0,0,0,0,0,-6,0,0,52,36,47,47,74,68,77,84,91,39,49,46,83,83,271,240,239,226,280,239,397,386,359,318,293,321,316,302,304,308,264,245,241,237,224,70,70,8,8,0,22,6,6,6,6,6,8,8,11,12,36,0,0,0,0,0,0,0,0,0,0]} 1. e4 d6 2. d4 Nf6 3. Nc3 e5 4. Nf3 Nbd7 5. Bc4 Be7 6. O-O Nb6 {C41: Philidor Defence} (6... O-O 7. Re1 c6 8. a4 a5 9. h3 Re8 10. Ba2 Bf8 11. Be3 Qc7 12. Ng5 Re7 13. f4 b6 14. fxe5 dxe5 15. d5 cxd5 16. exd5 {1-0 (16) Wang,H (2709)-Ivanchuk,V (2726) Huaian 2017}) 7. Bb3 exd4 $1 8. Qxd4 O-O {White has an edge.} 9. a4 a5 10. h3 Nfd7 11. Bf4 Bf6 12. Qd2 Nc5 13. Rfe1 Be6 $146 ({Predecessor:} 13... Nxb3 14. cxb3 {½-½ (62) Rogulj,B (2405)-Krstic,U (2457) Bol 2013}) 14. Bxe6 Nxe6 15. Bg3 Nc4 16. Qe2 $1 {[%cal Re2c4]} Bxc3 ({Of course not} 16... Nxb2 $6 17. e5 $16) 17. bxc3 Nb6 18. e5 d5 19. Nd4 Nxd4 20. cxd4 Re8 (20... Nc4 $11) 21. Qg4 Qc8 22. Qxc8 Raxc8 23. Reb1 $1 Re6 24. Rb5 $1 Ra8 {[#]} 25. f4 ({White should try} 25. f3 $1 $16) 25... Rc6 $14 26. Be1 Rxc2 27. Bxa5 c6 $2 (27... g6 $16) 28. Rxb6 $18 Rxa5 29. Rxb7 {[%cal Rb7b8][%mdl 4096] Endgame KRR-KRR} g6 30. Rc7 Rc4 $2 (30... Rb2 31. Rxc6 Rb4) 31. Rb1 {Rb8+ is the strong threat.} Ra8 32. Rbb7 Rf8 33. a5 Ra4 34. Rxc6 Rxa5 35. Rd6 h5 36. Rc7 h4 37. Rdd7 Ra1+ {[#]} 38. Kh2 $2 (38. Kf2 $1 $18) 38... Re1 $1 $14 39. Rc2 (39. Rxd5 $14 Rb8 40. e6 Rxe6 41. f5 gxf5 42. Rxf5) 39... Ra8 $11 40. g3 hxg3+ 41. Kxg3 {Strongly threatening Rcc7.} Ra3+ 42. Kg2 Ree3 43. Rxd5 Rg3+ 44. Kf1 Ra1+ 45. Kf2 $1 Rxh3 46. Rc8+ Kg7 {The position is equal.} 47. Rdd8 {White wants to mate with Rg8+.} Ra2+ 48. Kg1 Rg3+ 49. Kh1 {Intending Rg8+ and mate.} Rh3+ 50. Kg1 {Rg8+ would kill now.} Rg3+ {Accuracy: White = 67%, Black = 69%.} 1/2-1/2

[Event "III Copa Marcel Duchamp 2019"]
[Site "Montevideo"]
[Date "2019.02.13"]
[Round "6.6"]
[White "Bitelmajer, Martin"]
[Black "De Dovitiis, Alejo"]
[Result "1/2-1/2"]
[WhiteElo "2453"]
[BlackElo "2353"]
[Annotator "TA"]
[PlyCount "30"]
[EventDate "2019.02.09"]
[EventType "swiss"]
[EventCountry "URU"]
[SourceTitle "playchess.com"]
[Source "ChessBase"]
[SourceQuality "1"]

{[%evp 13,30,43,69,25,38,22,47,16,22,-12,-18,-5,0,-27,0,-2,0,0,0]} 1. d4 Nf6 2. Nf3 d6 3. c4 Bf5 4. Nc3 c6 5. g3 Nbd7 6. Bg2 e5 7. O-O h6 8. b3 {[%cal Bb2b3,Bb3b4,Bb4b5][%mdl 32] A53: Old Indian Defence without Nf3} (8. Nh4 Bh7 9. d5 e4 10. Bh1 Be7 11. Ng2 Ne5 12. Ne3 Qd7 13. b4 h5 14. dxc6 bxc6 15. b5 cxb5 16. cxb5 h4 {1-0 (50) Potkin,V (2608)-Klein,D (2517) Wijk aan Zee 2015}) 8... Be7 9. Bb2 Bh7 10. e3 $146 {White is slightly better.} ({Predecessor:} 10. c5 e4 11. cxd6 Bxd6 12. Nd2 Qe7 13. Nc4 Bb4 14. d5 Bxc3 15. d6 Qe6 16. Bxc3 {0-1 (43) Bracker,A (2263)-Gorbatov,A (2375) Pardubice 2011}) 10... O-O 11. b4 exd4 12. Qxd4 Qb6 13. b5 Rac8 14. Rfd1 Qxd4 15. Nxd4 {[%cal Rb5c6]} Ne5 1/2-1/2

[Event "III Copa Marcel Duchamp 2019"]
[Site "Montevideo"]
[Date "2019.02.13"]
[Round "6.7"]
[White "Scarella, Enrique Alejandro"]
[Black "Roselli Mailhe, Bernardo"]
[Result "0-1"]
[WhiteElo "2304"]
[BlackElo "2434"]
[Annotator "TA"]
[PlyCount "88"]
[EventDate "2019.02.09"]
[EventType "swiss"]
[EventCountry "URU"]
[SourceTitle "playchess.com"]
[Source "ChessBase"]
[SourceQuality "1"]

{[%evp 12,88,40,35,37,39,48,10,15,13,9,4,8,0,0,0,0,0,0,5,11,8,8,7,5,0,0,-43,-54,-105,-98,-131,-144,-177,-17,-29,-15,-37,-37,-37,-31,-31,-33,-35,-33,-45,-45,-41,-39,-115,-26,-22,-30,-241,-237,-315,-273,-272,-270,-263,-263,-255,-255,-254,-246,-248,-250,-245,-234,-210,-158,-183,-160,-564,-145,-1305,-1138,-828,-744]} 1. d4 Nf6 2. Nf3 g6 3. g3 Bg7 4. Bg2 O-O 5. O-O d6 6. Re1 Nc6 7. d5 Nb4 {A49: 1 d4 Nf6 2 Nf3 g6 3 g3: Anti-King's Indian systems} (7... Nb8 8. c4 a5 9. Nc3 Na6 10. e4 Bg4 11. h3 Bxf3 12. Bxf3 Nd7 13. Be3 c6 14. Bg2 Nac5 15. Qe2 {0-1 (35) Paravyan,D (2634)-Andreikin,D (2719) St Petersburg 2018}) 8. e4 e5 9. dxe6 Bxe6 {The position is equal.} 10. Nc3 Re8 11. a3 $146 ({Predecessor:} 11. h3 h6 12. Be3 Nc6 13. Qd2 Kh7 14. Nd4 Bd7 15. f4 Nxd4 16. Bxd4 {½-½ (25) Pihlajasalo,H (2261)-Kononen,K (2236) Finland 2012}) 11... Nc6 12. Nd5 Bxd5 13. exd5 Rxe1+ 14. Nxe1 Ne5 15. Nd3 Nfd7 16. Nxe5 Nxe5 17. Qe2 Qe8 18. Bd2 Nd7 19. Qc4 Bxb2 20. Rb1 ({White should play} 20. Ra2 $15 Bg7 21. Qxc7) 20... Bxa3 $17 21. Rxb7 Bc5 22. Rxc7 {[#]} Rc8 $2 ({Black should try} 22... Bb6 $1 $19 23. Rc6 Ne5 {[%mdl 64] Double Attack}) 23. Rxc8 $11 Qxc8 24. Qb5 Ne5 25. Be4 h5 26. Kg2 h4 27. h3 $1 hxg3 28. f4 Nd7 29. Kxg3 Nf6 30. Bd3 (30. Bf3 $15) 30... Qd8 (30... Nxd5 $17 31. Qc4 Ne7) 31. f5 $1 Qe7 $36 {[%mdl 2048] Black has the initiative.} 32. Qc4 $2 {[#]} (32. fxg6 $11 fxg6 33. h4) 32... gxf5 $1 $19 {Strongly threatening ...Qe5+.} 33. Kf3 Qe5 {Hoping for ...Qh2.} 34. Qf4 Qxd5+ 35. Ke2 {Black must now prevent Qg5+.} Qg2+ 36. Kd1 Ne4 37. Be1 Qxh3 38. Bxe4 fxe4 39. Qxe4 Qh5+ 40. Kc1 {intending Bc3.} d5 41. Qe8+ Kg7 42. Qc6 $2 (42. Bc3+ $17 {is more resistant.} d4 43. Be1) 42... d4 $2 (42... Qh6+ $19 {and Black stays clearly on top.} 43. Qxh6+ Kxh6) 43. Bg3 $2 {[%mdl 8192]} (43. Kb2 $17) 43... Qg5+ 44. Kb1 Ba3 {Accuracy: White = 35%, Black = 55%.} 0-1

[Event "III Copa Marcel Duchamp 2019"]
[Site "Montevideo"]
[Date "2019.02.13"]
[Round "6.8"]
[White "Diaz Hollemaert, Nahuel"]
[Black "Muniz, Rafael"]
[Result "1-0"]
[WhiteElo "2426"]
[BlackElo "2250"]
[Annotator "RC"]
[PlyCount "55"]
[EventDate "2019.02.09"]
[EventType "swiss"]
[EventCountry "URU"]
[SourceTitle "playchess.com"]
[Source "ChessBase"]
[SourceQuality "1"]
[TimeControl "5400+30"]

1. d4 Nf6 2. c4 e6 3. Nc3 Bb4 4. Nf3 c5 5. e3 O-O 6. Bd3 d6 7. Qc2 Nc6 8. Bd2 e5 9. dxc5 Bxc5 10. a3 a6 11. h3 h6 12. g4 b5 13. g5 hxg5 14. Nxg5 Bb7 15. Rg1 Ne7 16. Be4 Bxe4 17. Ncxe4 Ng6 18. h4 bxc4 19. Nxf6+ gxf6 20. Ne6 Qd7 21. Nxc5 dxc5 22. h5 Qd3 23. Rc1 Rab8 24. hxg6 fxg6 25. Rxg6+ Kf7 26. Rg4 Rg8 27. Rxg8 Rxg8 28. Qxc4+ 1-0